Choices in industrial automation /

Guardado en:
Autor Corporativo: United Nations Industrial Development Organization.
Formato: Libro
Idioma:English
Publicado: [Vienna, Austria] : UNIDO, 1995.
Materias:
Etiquetas: Agregar Etiqueta
Sin Etiquetas, Sea el primero en etiquetar este registro!
LEADER 00857nam a22002175a 4500
001 EIQ.libpla001314
008 060907s1995####xxu######b####000#0#eng#d
005 20071217153312.0
245 1 0 |a Choices in industrial automation /  |c [prepared by] United Nations Industrial Development Organization (UNIDO). 
260 |a [Vienna, Austria] :  |b UNIDO,  |c 1995. 
300 |a iii, 95 p. :  |b tablas ;  |c 28 cm. 
500 |a Datos tomado de la cubierta. 
500 |a "Distr. limited". 
500 |a "PPD.274 (SPEC.)". 
500 |a "4 July 1995". 
504 |a Incluye referencias bibliográficas. 
650 4 |a Países en desarrollo  |x Automatización industrial. 
650 4 |a Developing countries  |x Industrial automation. 
040 |a AR-BbSID  |b spa  |c AR-BbSID 
110 2 |a United Nations Industrial Development Organization. 
859 |a AR-BbSID  |b BIB. PLAPIQUI  |h 621.902  |i N 113  |p 4471